| 000 | 00480nam a2200205Ia 4500 | ||
|---|---|---|---|
| 008 | 210210b1945 xxu||||| |||| 00| 0 eng d | ||
| 041 | _aeng | ||
| 082 | _a383/110 | ||
| 100 | _aKNIGHTS (Charles C) | ||
| 245 | _aTechnique of salesmanship Ed 2 | ||
| 250 | _a | ||
| 260 |
_aLondon _bSir Isaac Pitman & Sons Ltd., _c1945 |
||
| 300 | _aix,209 | ||
| 650 | _aTechnique | ||
| 650 | _asalesmanship | ||
| 650 | _aEd | ||
| 650 | _a2 | ||
| 690 | _aSalesmanship | ||
| 906 | _a005306 | ||
| 999 |
_c125243 _d125243 |
||